Shipping Practice : (Record no. 757)

000 -LEADER
fixed length control field 00705nam a2200241 a 4500
008 - FIXED-LENGTH DATA ELEMENTS--GENERAL INFORMATION
fixed length control field 191028r19812004ii a|||g |||| 00| 0 eng d
020 ## - INTERNATIONAL STANDARD BOOK NUMBER
International Standard Book Number 9788175980105
Terms of availability Rs. 150.00
040 ## - CATALOGING SOURCE
Original cataloging agency IMU Kochi Library
Language of cataloging eng
041 0# - LANGUAGE CODE
Language code of text/sound track or separate title eng
044 ## - COUNTRY OF PUBLISHING/PRODUCING ENTITY CODE
MARC country code India
082 04 - DEWEY DECIMAL CLASSIFICATION NUMBER
Edition number 23
Classification number 387.544
Item number St471
100 1# - MAIN ENTRY--PERSONAL NAME
Personal name Stevens, Edward F.
245 10 - TITLE STATEMENT
Title Shipping Practice :
Sub Title With a consideration of the relevant law /
250 ## - EDITION STATEMENT
Edition statement 11th ed.
260 ## - PUBLICATION, DISTRIBUTION, ETC. (IMPRINT)
Place of publication, distribution, etc Mumbai :
Name of publisher, distributor, etc Sterling Book House ,
Date of publication, distribution, etc 1981, reprinted 2004
300 ## - PHYSICAL DESCRIPTION
Extent xi, 173 p. :
Other physical details ill. ;
Dimensions 22 cm.
504 ## - BIBLIOGRAPHY, ETC. NOTE
Bibliography, etc Includes Index.
650 #0 - SUBJECT ADDED ENTRY--TOPICAL TERM
Topical term or geographic name as entry element Shipping
700 ## - ADDED ENTRY--PERSONAL NAME
Personal name Butterfield, C. S. J.
Relator term Joint Author
852 ## - LOCATION/CALL NUMBER
Location IMU Kochi Library
904 ## - LOCAL DATA ELEMENT D, LDD (RLIN)
CATALOGER Akhil Bose
942 ## - ADDED ENTRY ELEMENTS (KOHA)
Item type Books
Holdings
Withdrawn status Lost status Source of classification or shelving scheme Damaged status Not for loan Collection code Permanent location Current location Shelving location Date acquired Source of acquisition Cost, normal purchase price Full call number Barcode Date last seen Koha item type Public note
          Management Studies IMU Kochi Library IMU Kochi Library Reference 2012-06-29 M/s Ross Mktings & Consultants (Inv. No. RMC-BKS/IMU-Coch 023/12-13 dt 2012-07-12) 150.00 387.544 St471 BK000407 2019-10-28 Books Shelf-1, Row-2
          Management Studies IMU Kochi Library IMU Kochi Library Reference 2015-07-03 M/s Scientific Book Centre 0.00 387.544 St471 BK002813 2019-10-28 Books Shelf-1, Row-2
          Nautical Science IMU Kochi Library IMU Kochi Library General Stacks 2025-03-07 Old used books of students received from the IMU stores (MIS Note - 2024-25, No.11 with Ann. I & II)   387.544 St471 G0319 2025-03-21 Gratis Books Shelf-1, Row-2


Copyright © All Rights Reserved by Indian Maritime University, Kochi Campus.
For any Suggestions/Query Contact to library or Email: library.kochi@imu.ac.in Ph:(0484)-2989402
(Web OPAC Designed by Rudra Ranjan. Maintained by IMU Kochi Library)

Powered by Koha